000 00749nam a2200241Ia 4500
003 OSt
005 20220923211952.0
006 a|||||r|||| 00| 0
007 ta
008 220922b |||||||| |||| 00| 0 hin d
024 _a76,117
037 _cTextual
040 _aARTS
_cARTS
_bhin
041 _2hin
_ahin
082 _aR693,4, 152K8
100 _aधर्मरक्षित, संपा.
245 0 _aभिक्षु-प्रातिमोक्ष तथा कर्म-वाचा
246 _aBhikṣhu-prātimokṣha tathā karma-vāchā
260 _c1968
300 _a8, 108p.
_ccm.
942 _hR693,4, 152K8
_cTEXL
_2CC
999 _c305045
_d305045